[Event "GER-ch Net blitz qual2"]
[Site "Playchess.com INT"]
[Date "2020.03.16"]
[Round "2"]
[White "Scheftlein, Richard"]
[Black "Spiekermann, Thomas"]
[Result "1-0"]
[WhiteElo "2243"]
[BlackElo "1810"]
[PlyCount "61"]
[EventDate "2020.03.16"]
[EventType "swiss (blitz)"]
[EventRounds "9"]
[EventCountry "GER"]
[SourceTitle "CBM 195 Extra"]
[Source "ChessBase"]
[SourceDate "2020.05.31"]
[SourceVersion "1"]
[SourceVersionDate "2020.05.31"]
[SourceQuality "1"]

1. d4 d5 2. c4 Nc6 3. Nc3 Nf6 4. Nf3 dxc4 5. Bg5 e6 6. e3 Be7 7. Bxc4 0-0 8. 0-0 b6 9. a3 Bb7 10. b4 Nb8 11. Ne5 Nbd7 12. Nxd7 Qxd7 13. Qe2 Ne4 14. Nxe4 Bxe4 15. Bxe7 Qxe7 16. Rfc1 Rac8 17. Ba6 Rcd8 18. Qg4 Bf5 19. Qg3 c6 20. Rxc6 Be4 21. Rc7 Rd7 22. Rac1 Rfd8 23. Qe5 Bg6 24. h3 h6 25. Rxd7 Rxd7 26. Rc8+ Kh7 27. Qb8 Be4 28. Rh8+ Kg6 29. Qg3+ Kf6 30. Qe5+ Kg6 31. Qxe4+ 1-0

[Event "GER-ch Net blitz qual2"]
[Site "Playchess.com INT"]
[Date "2020.03.16"]
[Round "6"]
[White "Spiekermann, Thomas"]
[Black "Udelnov, Valentin"]
[Result "1-0"]
[WhiteElo "1810"]
[BlackElo "1558"]
[PlyCount "63"]
[EventDate "2020.03.16"]
[EventType "swiss (blitz)"]
[EventRounds "9"]
[EventCountry "GER"]
[SourceTitle "CBM 195 Extra"]
[Source "ChessBase"]
[SourceDate "2020.05.31"]
[SourceVersion "1"]
[SourceVersionDate "2020.05.31"]
[SourceQuality "1"]

1. d4 Nf6 2. Bf4 g6 3. Nc3 Bg7 4. e4 d6 5. Qd2 0-0 6. 0-0-0 Nbd7 7. Nf3 c5 8. Bh6 cxd4 9. Nxd4 Nc5 10. f3 a5 11. h4 a4 12. a3 Qa5 13. Kb1 Bd7 14. h5 Rfc8 15. Bxg7 Kxg7 16. hxg6 fxg6 17. Qh6+ Kf7 18. Nd5 Rh8 19. Bc4 Be6 20. Nxe6 Nxe6 21. Nf4 d5 22. Nxe6 Kxe6 23. exd5+ Kd7 24. Rhe1 b5 25. Ba2 b4 26. d6 exd6 27. Qg7+ Kc6 28. Qxf6 bxa3 29. Qxd6+ Kb7 30. Re7+ Kc8 31. Qd7+ Kb8 32. Qb7# 1-0

[Event "Mittelrhein Verbandsliga-N 17/18"]
[Site "Nordrheinwestfalen"]
[Date "2018.02.25"]
[Round "8.1"]
[White "Asadzade, Idris"]
[Black "Spiekermann, Thomas"]
[Result "1/2-1/2"]
[WhiteElo "1916"]
[BlackElo "1965"]
[PlyCount "52"]
[EventDate "2017.09.10"]
[EventType "team-swiss"]
[EventRounds "11"]
[EventCountry "GER"]
[SourceTitle "EXT 2022"]
[Source "ChessBase"]
[SourceDate "2021.10.06"]
[SourceVersion "1"]
[SourceVersionDate "2021.10.06"]
[SourceQuality "1"]
[WhiteTeam "Leverkusen Koenigsspringer"]
[BlackTeam "Dormagen SV"]
[WhiteTeamCountry "GER"]
[BlackTeamCountry "GER"]

1. c4 c5 2. Nf3 Nf6 3. Nc3 Nc6 4. e3 e6 5. d4 cxd4 6. exd4 d5 7. c5 Ne4 8. Bb5 Nxc3 9. bxc3 Qa5 10. Bxc6+ bxc6 11. 0-0 Be7 12. Ne5 Qa6 13. Qg4 Bf6 14. h4 h5 15. Qg3 0-0 16. Bg5 Bxe5 17. dxe5 Qc4 18. Bf6 Qg4 19. Qxg4 hxg4 20. Be7 Re8 21. Bd6 f5 22. f3 Ba6 23. Rf2 g3 24. Rd2 Kf7 25. Rd4 Rh8 26. Rb1 Rh5 1/2-1/2

[Event "Mittelrhein Regionalliga 16/17"]
[Site "Nordrheinwestfalen"]
[Date "2017.02.19"]
[Round "8.3"]
[White "Spiekermann, Thomas"]
[Black "Andok, Claus Michael"]
[Result "1/2-1/2"]
[WhiteElo "1958"]
[BlackElo "2088"]
[PlyCount "54"]
[EventDate "2016.09.11"]
[EventType "team-tourn"]
[EventRounds "11"]
[EventCountry "GER"]
[SourceTitle "EXT 2022"]
[Source "ChessBase"]
[SourceDate "2021.10.06"]
[SourceVersion "1"]
[SourceVersionDate "2021.10.06"]
[SourceQuality "1"]
[WhiteTeam "Dormagen SV"]
[BlackTeam "Aachen DJK Aufwärts III"]
[WhiteTeamCountry "GER"]
[BlackTeamCountry "GER"]

1. d4 g6 2. c4 Bg7 3. Nc3 c5 4. d5 Bxc3+ 5. bxc3 Qa5 6. Qc2 Nf6 7. Bd2 d6 8. e4 Nbd7 9. Nf3 a6 10. Be2 0-0 11. 0-0 b5 12. cxb5 axb5 13. Rfb1 Qa4 14. Qxa4 bxa4 15. Bh6 Re8 16. Nd2 e6 17. Bb5 Ba6 18. Bc6 Ra7 19. Bg5 Rc8 20. Bxd7 Nxd7 21. Be7 Bd3 22. Rb2 a3 23. Rb3 exd5 24. exd5 Bc2 25. Rb5 Bd3 26. Rb3 Bc2 27. Rb5 Bd3 1/2-1/2

[Event "Mittelrhein Verbandsliga-M 15/16"]
[Site "Nordrheinwestfalen"]
[Date "2016.05.01"]
[Round "11.3"]
[White "Koenner, Martin"]
[Black "Spiekermann, Thomas"]
[Result "1/2-1/2"]
[WhiteElo "1937"]
[BlackElo "1958"]
[PlyCount "40"]
[EventDate "2015.09.06"]
[EventType "team-tourn"]
[EventRounds "11"]
[EventCountry "GER"]
[SourceTitle "EXT 2022"]
[Source "ChessBase"]
[SourceDate "2021.10.06"]
[SourceVersion "1"]
[SourceVersionDate "2021.10.06"]
[SourceQuality "1"]
[WhiteTeam "Rheinpark BSG"]
[BlackTeam "Dormagen SV"]
[WhiteTeamCountry "GER"]
[BlackTeamCountry "GER"]

1. e4 c5 2. Nf3 e6 3. d4 cxd4 4. Nxd4 Nc6 5. Nc3 a6 6. g3 Qc7 7. Bg2 Nf6 8. 0-0 Be7 9. Be3 0-0 10. Qe2 d6 11. Rad1 Bd7 12. Rfe1 Rac8 13. Nxc6 Bxc6 14. Bd4 Rfd8 15. h3 b5 16. Qe3 Qb7 17. a3 Rd7 18. g4 e5 19. Bb6 Bd8 20. Bxd8 Rdxd8 1/2-1/2

[Event "Mittelrhein Verbandsliga-M 15/16"]
[Site "Nordrheinwestfalen"]
[Date "2015.12.13"]
[Round "5.3"]
[White "Spiekermann, Thomas"]
[Black "Loetzerich, Rolf"]
[Result "1/2-1/2"]
[WhiteElo "1963"]
[BlackElo "1971"]
[PlyCount "45"]
[EventDate "2015.09.06"]
[EventType "team-tourn"]
[EventRounds "11"]
[EventCountry "GER"]
[SourceTitle "EXT 2022"]
[Source "ChessBase"]
[SourceDate "2021.10.06"]
[SourceVersion "1"]
[SourceVersionDate "2021.10.06"]
[SourceQuality "1"]
[WhiteTeam "Dormagen SV"]
[BlackTeam "Eikamp Freibauer"]
[WhiteTeamCountry "GER"]
[BlackTeamCountry "GER"]

1. d4 d5 2. c4 c6 3. cxd5 cxd5 4. Nc3 Nc6 5. Bf4 e6 6. Nf3 Bd6 7. Bg3 Bxg3 8. hxg3 Nf6 9. e3 Bd7 10. Rc1 a6 11. Bd3 Rc8 12. 0-0 b5 13. Ne5 Qb6 14. Qe2 h6 15. Rfd1 0-0 16. g4 Rfd8 17. b3 Rc7 18. f4 Rdc8 19. g5 Nxe5 20. fxe5 Ne4 21. Bxe4 dxe4 22. Qb2 Qb7 23. gxh6 1/2-1/2

[Event "Mittelrhein Verbandsliga-M 15/16"]
[Site "Nordrheinwestfalen"]
[Date "2015.09.27"]
[Round "2.3"]
[White "Quabach, Juergen"]
[Black "Spiekermann, Thomas"]
[Result "1/2-1/2"]
[WhiteElo "1725"]
[BlackElo "1963"]
[PlyCount "84"]
[EventDate "2015.09.06"]
[EventType "team-tourn"]
[EventRounds "11"]
[EventCountry "GER"]
[SourceTitle "EXT 2022"]
[Source "ChessBase"]
[SourceDate "2021.10.06"]
[SourceVersion "1"]
[SourceVersionDate "2021.10.06"]
[SourceQuality "1"]
[WhiteTeam "Gruenfeld"]
[BlackTeam "Dormagen SV"]
[WhiteTeamCountry "GER"]
[BlackTeamCountry "GER"]

1. d4 Nf6 2. c4 c5 3. d5 e5 4. Nc3 d6 5. Qc2 Be7 6. e3 Na6 7. a3 0-0 8. h3 Nc7 9. Bd3 Rb8 10. g4 g6 11. e4 a6 12. Bh6 Re8 13. a4 Nd7 14. Nf3 Bf8 15. Qd2 Qf6 16. Be2 Bxh6 17. Qxh6 Qg7 18. Qe3 Nf6 19. Nd2 Nd7 20. Bd3 Rf8 21. Nf1 Ne8 22. Ng3 Qf6 23. Nce2 Nc7 24. g5 Qe7 25. h4 b5 26. axb5 axb5 27. Ra7 bxc4 28. Bxc4 Nb6 29. Ba2 Qd8 30. Nc3 Ba6 31. h5 Nc8 32. hxg6 fxg6 33. Rxa6 Nxa6 34. Bc4 Nb4 35. Kd2 Ne7 36. Be2 Qd7 37. Rh4 Rf4 38. Rxf4 exf4 39. Qxf4 Rf8 40. Qe3 Kg7 41. Nf1 Ng8 42. Nb5 Qe7 1/2-1/2